A pesca di Stati - Statistics

Statistiche generali
  • Questo quiz è stato fatto 9.231 volte
  • Il punteggio medio è 7 su 20
Risposte nella Mappa
Le risposte nella mappa del quiz sottostante sono codificate secondo una scala di colori dal rosso al verde in base alla % di persone che hanno risposto correttamente.
 
Statistiche sulle risposte
Stati % Corretto
Italia
75%
Russia
70%
India
68%
Brasile
67%
Cile
67%
Francia
67%
Sudafrica
67%
Australia
66%
Spagna
64%
Cina
61%
Egitto
61%
Cipro
60%
Stati Uniti
60%
Norvegia
59%
Regno Unito
59%
Canada
57%
Croazia
55%
Grecia
55%
Indonesia
55%
Turchia
53%
Argentina
52%
Austria
52%
Messico
51%
Giappone
50%
Filippine
49%
Islanda
49%
Marocco
49%
Vietnam
49%
Germania
48%
Portogallo
47%
Madagascar
44%
Somalia
44%
Ucraina
43%
Thailandia
42%
Cuba
40%
Peru
38%
Kazakistan
37%
Libia
37%
Nuova Zelanda
37%
Algeria
35%
Irlanda
35%
Mali
34%
Mongolia
34%
Papua Nuova Guinea
34%
Iran
33%
Laos
33%
Arabia Saudita
32%
Romania
32%
Svezia
32%
Senegal
31%
Sri Lanka
31%
Taiwan
31%
Malawi
30%
Polonia
30%
Paesi Bassi
29%
Repubblica Democratica del Congo
29%
Svizzera
29%
Pakistan
28%
Panama
28%
Tunisia
28%
Etiopia
27%
Mauritania
26%
Namibia
26%
Nepal
26%
Sudan
26%
Israele
25%
Myanmar
25%
Niger
25%
Belgio
24%
Ciad
24%
Eritrea
24%
Iraq
24%
Corea del Nord
23%
Malesia
23%
Siria
23%
Zambia
23%
Afghanistan
22%
Bangladesh
22%
Bielorussia
21%
Emirati Arabi Uniti
21%
Mozambico
21%
Yemen
21%
Georgia
20%
Serbia
20%
Camerun
19%
Gambia
19%
Nicaragua
19%
Colombia
18%
Corea del Sud
18%
Haiti
17%
Gabon
16%
Venezuela
16%
Nigeria
15%
Paraguay
14%
Kenya
12%
Costa Rica
10%
Guyana
10%
Liberia
9%
Guatemala
8%
Guinea
8%
Nessun quiz corrispondente trovato
Distribuzione punteggi
Percentuale di utenti per punteggio
Percentile per numero di risposta
I tuoi punteggi nel tempo
Non hai fatto questo quiz